000 00631cam a22002293a 4500
001 25974
003 PGUSA
005 20140828083547.0
008 080705s2008||||xxu|||||s|||||000 | eng d
040 _aPGUSA
_beng
042 _adc
050 4 _aBT
100 1 _aMartin, T. T.
_q(Thomas Theodore),
_d1862-1939
245 1 0 _aGod's Plan with Men
_h[electronic resource] /
_cT. T. Martin
260 _bProject Gutenberg,
_c2008
506 _aPublic domain in the USA.
516 _aElectronic text
653 _aSalvation
830 0 _aProject Gutenberg
_v25974
856 4 0 _uhttp://www.gutenberg.org/ebooks/25974
942 _cEB
999 _c255229
_d255229